000 00687nam a2200205Ia 4500
999 _c34728
_d34728
001 515
003 GE_BSU
005 20200122115329.0
008 181216s2005||||ge |||||||||||||| ||geo||
020 _a9994002317
040 _cGE_BSU
041 _ageo
080 _a616-091 ხ-28
100 _aხარძეიშვილი, ომარ
_96311
245 _aკლინიკური პათოლოგიური ანატომია /
_cომარ ხარძეიშვილი.
264 _aთბილისი,
_c2005.
300 _a670 გვ. ;
_b20 სმ.
653 _a პათოლოგიური ანატომია
942 _cBK
_2udc